জার্মান সাহিত্য : (Record no. 47711)
[ view plain ]
| 000 -LEADER | |
|---|---|
| fixed length control field | 01106nam a22002417a 4500 |
| 001 - CONTROL NUMBER | |
| control field | 47711 |
| 003 - CONTROL NUMBER IDENTIFIER | |
| rucl marc code | BD-RjUL |
| 005 - DATE AND TIME OF LATEST TRANSACTION | |
| control field | 20211209054356.0 |
| 008 - FIXED-LENGTH DATA ELEMENTS--GENERAL INFORMATION | |
| fixed length control field | 160810s1976 bg ||||| |||| 00| 0 ben d |
| 035 ## - SYSTEM CONTROL NUMBER | |
| System control number | (BD-RjUL)47830 |
| 040 ## - CATALOGING SOURCE | |
| Original cataloging agency | BD-RjUL |
| Language of cataloging | ben |
| Transcribing agency | BD-RjUL |
| Modifying agency | BD-RjUL |
| 041 ## - LANGUAGE CODE | |
| Language code of text/sound track or separate title | ben |
| 082 ## - DEWEY DECIMAL CLASSIFICATION NUMBER | |
| Edition number | 23 |
| Classification number | 830.9 |
| Author mark and year | GER 1976 |
| 245 00 - TITLE STATEMENT | |
| Title | জার্মান সাহিত্য : |
| Remainder of title | একটি নিদর্শনী / |
| Statement of responsibility, etc. | সৈয়দ আলী আহসান ; সম্পাদনা |
| 260 ## - PUBLICATION, DISTRIBUTION, ETC. (IMPRINT) | |
| Place of publication, distribution, etc. | চট্রগ্রাম : |
| Name of publisher, distributor, etc. | বিইঘর, |
| Date of publication, distribution, etc. | ১৯৭৬ |
| 300 ## - PHYSICAL DESCRIPTION | |
| Pagination | ৫৬৪ পৃ. ; |
| Size | ২২ সেমি. |
| 500 ## - GENERAL NOTE | |
| General note | মধ্যযুগ থেকে আধুনিক সময় পর্যন্ত |
| 650 ## - SUBJECT ADDED ENTRY--TOPICAL TERM | |
| Topical term or geographic name as entry element | জার্মান সাহিত্য |
| General subdivision | ইতিহাস |
| 9 (RLIN) | 123180 |
| Topical term or geographic name as entry element | German literature |
| General subdivision | History |
| 9 (RLIN) | 144931 |
| 700 ## - ADDED ENTRY--PERSONAL NAME | |
| Personal name | আহসান, সৈয়দ আলী ; সম্পাদনা |
| Personal name | ল্যাঙ্গেনবুকার, উলফ্গ্যাঙ্ ;সঙ্কলিত |
| 942 ## - ADDED ENTRY ELEMENTS (KOHA) | |
| Source of classification or shelving scheme | Dewey Decimal Classification |
| Koha item type | Books |
| Lost status | Source of classification or shelving scheme | Damaged status | Not for loan | Collection code | Permanent Location | Current Location | Shelving location | Date acquired | Source of acquisition | Total Checkouts | Full call number | Date last seen | Copy number | Koha item type | Date checked out | Cost, normal purchase price |
|---|---|---|---|---|---|---|---|---|---|---|---|---|---|---|---|---|
| Dewey Decimal Classification | Non-fiction | Central Library, University of Rajshahi | Central Library, University of Rajshahi | 14/02/1979 | Germany | B 830.9 GER 1976 | 10/08/2016 | C-2 | Books | |||||||
| Dewey Decimal Classification | Non-fiction | Central Library, University of Rajshahi | Central Library, University of Rajshahi | 14/02/1979 | Germany | B 830.9 GER 1976 | 10/08/2016 | C-3 | Books | |||||||
| Dewey Decimal Classification | Non-fiction | Central Library, University of Rajshahi | Central Library, University of Rajshahi | 14/02/1979 | Germany | B 830.9 GER 1976 | 10/08/2016 | C-4 | Books | |||||||
| Dewey Decimal Classification | Non-fiction | Central Library, University of Rajshahi | Central Library, University of Rajshahi | 14/02/1979 | Germany | 1 | B 830.9 GER 1976 | 15/05/2017 | C-5 | Books | 02/02/2017 | |||||
| Dewey Decimal Classification | Non-fiction | Central Library, University of Rajshahi | Central Library, University of Rajshahi | 14/02/1979 | Germany | B 830.9 GER 1976 | 10/08/2016 | C-6 | Books | |||||||
| Dewey Decimal Classification | Non-fiction | Central Library, University of Rajshahi | Central Library, University of Rajshahi | 10/07/1978 | Germany | B 830.9 GER 1976 | 10/08/2016 | C-7 | Books | |||||||
| Dewey Decimal Classification | Non-fiction | Central Library, University of Rajshahi | Central Library, University of Rajshahi | 10/07/1978 | Germany | B 830.9 GER 1976 | 10/08/2016 | C-8 | Books | |||||||
| Dewey Decimal Classification | Non-fiction | Central Library, University of Rajshahi | Central Library, University of Rajshahi | 30/06/1986 | Shonglap Raj | B 830.9 GER 1976 | 10/08/2016 | C-9 | Books | 35.00 | ||||||
| Dewey Decimal Classification | Non-fiction | Central Library, University of Rajshahi | Central Library, University of Rajshahi | 10/07/1978 | Germany | 1 | B 830.9 GER 1976 | 05/11/2019 | C-10 | Books | 03/10/2019 | |||||
| Dewey Decimal Classification | Not For Loan | Non-fiction | Central Library, University of Rajshahi | Central Library, University of Rajshahi | Reading Room | 10/07/1978 | Germany | B 830.9 GER 1976 | 18/08/2016 | C-1 | Books |